[Event "Lefkosia op"]
[Site "Lefkosia"]
[Date "2010.07.27"]
[Round "6"]
[White "Riza, Conrad"]
[Black "Papatryfonos, Constantinos"]
[Result "1-0"]
[WhiteElo "2085"]
[BlackElo "2136"]
[PlyCount "78"]
[EventDate "2010.07.19"]
[EventType "swiss"]
[EventRounds "7"]
[EventCountry "CYP"]
[SourceTitle "EXT 2012"]
[Source "ChessBase"]
[SourceDate "2011.11.24"]
[SourceVersion "1"]
[SourceVersionDate "2011.11.24"]
[SourceQuality "1"]

1. Nf3 f5 2. c4 Nf6 3. Nc3 g6 4. g3 Bg7 5. Bg2 0-0 6. 0-0 d6 7. d3 e5 8. Rb1 a5 9. a3 Nc6 10. b4 axb4 11. axb4 h6 12. b5 Ne7 13. Nd2 g5 14. Bb2 Qe8 15. Ra1 Rxa1 16. Qxa1 Qh5 17. Re1 f4 18. Nce4 fxg3 19. hxg3 Bg4 20. Nxf6+ Bxf6 21. Nf3 Bh3 22. Nd2 Bxg2 23. Kxg2 Qg4 24. Ne4 Ng6 25. Bc1 Bd8 26. Qa2 Kh7 27. Rh1 Nf4+ 28. Bxf4 exf4 29. f3 Qd7 30. g4 c6 31. bxc6 bxc6 32. Qa6 Re8 33. Rb1 Qg7 34. Qxc6 Re5 35. Rb7 Be7 36. d4 Re6 37. Qd5 Rg6 38. Qf5 d5 39. cxd5 Qxd4 1-0

[Event "CYP-ch"]
[Site "Lefkosia"]
[Date "2010.02.13"]
[Round "9"]
[White "Antoniou, Antonis"]
[Black "Papatryfonos, Constantinos"]
[Result "1/2-1/2"]
[WhiteElo "2155"]
[BlackElo "2136"]
[PlyCount "41"]
[EventDate "2010.01.09"]
[EventType "swiss"]
[EventRounds "9"]
[EventCountry "CYP"]
[SourceTitle "EXT 2011"]
[Source "ChessBase"]
[SourceDate "2010.11.26"]
[SourceVersion "1"]
[SourceVersionDate "2010.11.26"]
[SourceQuality "1"]

1. e4 e5 2. Nf3 Nc6 3. Bc4 Bc5 4. 0-0 Nf6 5. d3 h6 6. h3 0-0 7. c3 d6 8. Nbd2 a6 9. Re1 Na5 10. Bb3 Nxb3 11. axb3 Ba7 12. b4 Re8 13. Nf1 c6 14. Ng3 Qc7 15. Be3 b5 16. Nh4 Bxe3 17. Rxe3 g6 18. Qd2 Kg7 19. Rf1 d5 20. Re2 a5 21. bxa5 1/2-1/2

[Event "CYP-ch"]
[Site "Lefkosia"]
[Date "2010.02.06"]
[Round "7"]
[White "Klerides, Paris"]
[Black "Papatryfonos, Constantinos"]
[Result "1/2-1/2"]
[WhiteElo "2225"]
[BlackElo "2136"]
[PlyCount "29"]
[EventDate "2010.01.09"]
[EventType "swiss"]
[EventRounds "9"]
[EventCountry "CYP"]
[SourceTitle "EXT 2011"]
[Source "ChessBase"]
[SourceDate "2010.11.26"]
[SourceVersion "1"]
[SourceVersionDate "2010.11.26"]
[SourceQuality "1"]

1. e4 e5 2. Nf3 Nc6 3. Bb5 a6 4. Ba4 Nge7 5. 0-0 g6 6. c3 Bg7 7. d4 exd4 8. cxd4 0-0 9. Nc3 d5 10. exd5 Nxd5 11. h3 Re8 12. Bg5 f6 13. Bh4 Be6 14. Re1 Nxc3 15. bxc3 1/2-1/2

[Event "CYP-ch"]
[Site "Lefkosia"]
[Date "2010.01.24"]
[Round "4"]
[White "Sentug, Halil"]
[Black "Papatryfonos, Constantinos"]
[Result "1/2-1/2"]
[WhiteElo "1978"]
[BlackElo "2136"]
[PlyCount "112"]
[EventDate "2010.01.09"]
[EventType "swiss"]
[EventRounds "9"]
[EventCountry "CYP"]
[SourceTitle "EXT 2011"]
[Source "ChessBase"]
[SourceDate "2010.11.26"]
[SourceVersion "1"]
[SourceVersionDate "2010.11.26"]
[SourceQuality "1"]

1. d4 d6 2. c4 f5 3. Nc3 Nf6 4. Bf4 g6 5. e3 Bg7 6. Be2 0-0 7. h3 Nc6 8. Nf3 e6 9. 0-0 h6 10. Bh2 g5 11. Nd2 e5 12. d5 Ne7 13. f4 exf4 14. exf4 g4 15. hxg4 Nxg4 16. Bxg4 fxg4 17. Nde4 Nf5 18. Qd2 Qh4 19. Ne2 Bd7 20. N4g3 Rae8 21. Nxf5 Bxf5 22. Ng3 b6 23. Rae1 Qf6 24. Rxe8 Rxe8 25. Kh1 Bd7 26. b3 Qc3 27. Qxc3 Bxc3 28. Bg1 Kf7 29. Bf2 Kg6 30. Rc1 Bd2 31. f5+ Bxf5 32. Rd1 Bf4 33. Nxf5 Kxf5 34. Bh4 Re2 35. Rf1 Ke4 36. Bd8 Rxa2 37. Rb1 Kd3 38. Bxc7 Kc2 39. Rf1 Be5 40. b4 Kb3 41. c5 Kc4 42. Bxd6 Bxd6 43. cxd6 Rd2 44. Rf4+ Kxd5 45. Rxg4 Kxd6 46. Rg6+ Kc7 47. Rxh6 Rd4 48. b5 Rd5 49. Rh7+ Kd8 50. Rxa7 Rxb5 51. Rh7 Rb2 52. Kh2 b5 53. Kh3 b4 54. g4 Rb1 55. Kg2 b3 56. g5 Ke8 1/2-1/2

[Event "Lefkosia op"]
[Site "Cyprus"]
[Date "2009.07.17"]
[Round "6"]
[White "Klerides, Paris"]
[Black "Papatryfonos, Constantinos"]
[Result "1/2-1/2"]
[WhiteElo "2206"]
[BlackElo "2107"]
[PlyCount "44"]
[EventDate "2009.07.07"]
[EventType "swiss"]
[EventRounds "7"]
[EventCountry "CYP"]
[SourceTitle "EXT 2012"]
[Source "ChessBase"]
[SourceDate "2011.11.24"]
[SourceVersion "1"]
[SourceVersionDate "2011.11.24"]
[SourceQuality "1"]

1. e4 e5 2. Nf3 Nc6 3. Bc4 g6 4. d4 exd4 5. Nxd4 Nxd4 6. Qxd4 Qf6 7. e5 Qe7 8. 0-0 Bg7 9. f4 d6 10. Nc3 Be6 11. Bxe6 fxe6 12. Be3 Nh6 13. Qb4 b6 14. Rad1 d5 15. Qa4+ Qd7 16. Qa3 Ng4 17. Bf2 Nxf2 18. Kxf2 Bf8 19. Qb3 Bc5+ 20. Ke2 0-0 21. Rd3 Qg7 22. Rdf3 Rf7 1/2-1/2

[Event "EU Small Countries ol"]
[Site "Andorra"]
[Date "2009.06.26"]
[Round "8"]
[White "Papatryfonos, Constantinos"]
[Black "Ziska, Helgi Dam"]
[Result "0-1"]
[WhiteElo "2107"]
[BlackElo "2422"]
[PlyCount "82"]
[EventDate "2009.06.21"]
[EventType "team"]
[EventRounds "9"]
[EventCountry "AND"]
[SourceTitle "CBM 130 Extra"]
[Source "ChessBase"]
[SourceDate "2009.07.02"]
[SourceVersion "2"]
[SourceVersionDate "2009.07.15"]
[SourceQuality "1"]

1. d4 Nf6 2. Nf3 g6 3. Nc3 d5 4. Bf4 c6 5. Qd2 Nbd7 6. Ne5 Bg7 7. Bh6 Bxh6 8. Qxh6 Nxe5 9. dxe5 Ng4 10. Qg7 Rf8 11. Nd1 Qc7 12. f4 Qb6 13. Qxh7 Qb4+ 14. c3 Qxf4 15. Qh4 Qxe5 16. Qg3 Qxg3+ 17. hxg3 Be6 18. e3 0-0-0 19. Be2 Rh8 20. 0-0 Nf6 21. Nf2 Kc7 22. b3 Nh5 23. Bxh5 gxh5 24. Rad1 Rdg8 25. Nh1 h4 26. gxh4 Rxh4 27. Rd4 Rh5 28. Rf3 Rhg5 29. g3 Bf5 30. Rh4 f6 31. Kf2 Be4 32. Rff4 Bxh1 33. Rxh1 Rxg3 34. Rh2 Rg1 35. c4 Rc1 36. Rh7 Kd6 37. cxd5 cxd5 38. Ra4 Rc2+ 39. Kf1 Rgg2 40. Rxa7 Rcf2+ 41. Ke1 Rb2 0-1

[Event "Olympiad-36"]
[Site "Mallorca"]
[Date "2004.10.29"]
[Round "14"]
[White "Papatryfonos, Constantinos"]
[Black "Ateka, Nathan"]
[Result "0-1"]
[WhiteElo "2123"]
[BlackElo "2138"]
[PlyCount "88"]
[EventDate "2004.10.15"]
[EventType "team-swiss"]
[EventRounds "14"]
[EventCountry "ESP"]
[SourceTitle "CBM 104"]
[Source "ChessBase"]
[SourceDate "2005.01.27"]
[SourceVersion "1"]
[SourceVersionDate "2005.01.27"]
[SourceQuality "1"]
[WhiteTeam "Cyprus"]
[BlackTeam "Kenya"]
[WhiteTeamCountry "CYP"]
[BlackTeamCountry "KEN"]

1. d4 Nf6 2. Nf3 g6 3. Bf4 Bg7 4. Nc3 0-0 5. Qd2 d6 6. Bh6 c5 7. Bxg7 Kxg7 8. dxc5 dxc5 9. 0-0-0 Qxd2+ 10. Rxd2 Nc6 11. e3 b6 12. Bb5 Bb7 13. Rhd1 h6 14. e4 e6 15. Rd6 Na5 16. e5 Ne4 17. Nxe4 Bxe4 18. Rd7 a6 19. Be2 Nc6 20. Rc7 Rad8 21. Rxd8 Rxd8 22. Bxa6 Bxf3 23. gxf3 Nxe5 24. Be2 g5 25. Rb7 Rd6 26. b3 Kf6 27. Kb2 Kf5 28. Kc3 Kf4 29. a4 f5 30. Rh7 Nxf3 31. Rxh6 Nd4 32. Bd3 Kf3 33. Kc4 f4 34. a5 bxa5 35. c3 Nxb3 36. Bf5 Nd2+ 37. Kb5 Kxf2 38. c4 Nxc4 39. Bxe6 Nd2 40. Rg6 Nf3 41. Kxc5 Ra6 42. h3 a4 43. Kb5 Rxe6 44. Rxe6 Nd4+ 0-1

[Event "Olympiad-36"]
[Site "Mallorca"]
[Date "2004.10.26"]
[Round "11"]
[White "Matthews, Shane"]
[Black "Papatryfonos, Constantinos"]
[Result "0-1"]
[WhiteElo "2251"]
[BlackElo "2123"]
[PlyCount "66"]
[EventDate "2004.10.15"]
[EventType "team-swiss"]
[EventRounds "14"]
[EventCountry "ESP"]
[SourceTitle "CBM 104"]
[Source "ChessBase"]
[SourceDate "2005.01.27"]
[SourceVersion "1"]
[SourceVersionDate "2005.01.27"]
[SourceQuality "1"]
[WhiteTeam "Jamaica"]
[BlackTeam "Cyprus"]
[WhiteTeamCountry "JAM"]
[BlackTeamCountry "CYP"]

1. e4 e5 2. Nf3 Nc6 3. Bb5 a6 4. Ba4 Nge7 5. 0-0 g6 6. d4 exd4 7. Nxd4 Bg7 8. c3 0-0 9. Bg5 Nxd4 10. cxd4 h6 11. Bh4 g5 12. Bg3 d5 13. exd5 Nxd5 14. Nc3 c6 15. Bb3 Be6 16. Re1 Re8 17. Qf3 Qf6 18. Qh5 Qxd4 19. Re4 Nf6 20. Rxd4 Nxh5 21. Rd2 Nxg3 22. hxg3 Bxb3 23. axb3 Rad8 24. Rad1 Re1+ 25. Rxe1 Rxd2 26. Re8+ Kh7 27. Na4 b5 28. Nc5 Bd4 29. Nxa6 Rxb2 30. Rd8 Bxf2+ 31. Kh2 Rxb3 32. Rd7 Kg7 33. Nc7 Bxg3+ 0-1

[Event "Olympiad-36"]
[Site "Mallorca"]
[Date "2004.10.22"]
[Round "7"]
[White "Papatryfonos, Constantinos"]
[Black "Rodriguez Vila, Andres"]
[Result "0-1"]
[WhiteElo "2123"]
[BlackElo "2533"]
[PlyCount "70"]
[EventDate "2004.10.15"]
[EventType "team-swiss"]
[EventRounds "14"]
[EventCountry "ESP"]
[SourceTitle "CBM 104"]
[Source "ChessBase"]
[SourceDate "2005.01.27"]
[SourceVersion "1"]
[SourceVersionDate "2005.01.27"]
[SourceQuality "1"]
[WhiteTeam "Cyprus"]
[BlackTeam "Uruguay"]
[WhiteTeamCountry "CYP"]
[BlackTeamCountry "URU"]

1. d4 f5 2. Nc3 d5 3. Nf3 Nf6 4. Bf4 e6 5. e3 Bb4 6. Ne5 0-0 7. a3 Be7 8. Be2 Bd7 9. 0-0 Be8 10. b4 a5 11. b5 Nbd7 12. h3 Nb6 13. a4 Bb4 14. Nb1 Kh8 15. c3 Bd6 16. Qb3 Qe7 17. Nd2 Rg8 18. c4 dxc4 19. Ndxc4 Nbd5 20. Bh2 g5 21. Nxd6 cxd6 22. Nc4 f4 23. Qa3 Rd8 24. Nxa5 Ra8 25. Nc4 Bxb5 26. Qb3 Bc6 27. Bf3 g4 28. hxg4 Nxg4 29. Bxg4 Rxg4 30. e4 Rag8 31. Qh3 Nc3 32. d5 Ne2+ 33. Kh1 exd5 34. Na5 Bd7 35. Qb3 Rxg2 0-1

[Event "Budapest FS05 IM"]
[Site "Budapest"]
[Date "2004.05.11"]
[Round "11"]
[White "Berczes, David"]
[Black "Papatryfonos, Constantinos"]
[Result "1-0"]
[WhiteElo "2293"]
[BlackElo "2114"]
[PlyCount "51"]
[EventDate "2004.05.01"]
[EventType "tourn"]
[EventRounds "13"]
[EventCountry "HUN"]
[EventCategory "2"]
[SourceTitle "CBM 100 Extra"]
[Source "ChessBase"]
[SourceDate "2004.07.06"]
[SourceVersion "2"]
[SourceVersionDate "2004.07.06"]
[SourceQuality "1"]

1. d4 d6 2. Nf3 f5 3. g3 Nf6 4. Bg2 g6 5. 0-0 Bg7 6. c4 0-0 7. Nc3 c6 8. d5 e5 9. dxe6 Bxe6 10. b3 Ne4 11. Nxe4 fxe4 12. Nd4 Bf5 13. Be3 c5 14. Nxf5 gxf5 15. Qd5+ Rf7 16. Rad1 Nc6 17. Bh3 Be5 18. Bxf5 Ne7 19. Bxh7+ Kg7 20. Qxe4 Qh8 21. f4 Bf6 22. Rxd6 Qxh7 23. Qxh7+ Kxh7 24. Bxc5 Nf5 25. Rd5 b6 26. Bf2 1-0

[Event "Budapest FS05 IM"]
[Site "Budapest"]
[Date "2004.05.03"]
[Round "3"]
[White "Papatryfonos, Constantinos"]
[Black "Dencsi, Tibor"]
[Result "0-1"]
[WhiteElo "2114"]
[BlackElo "2229"]
[PlyCount "66"]
[EventDate "2004.05.01"]
[EventType "tourn"]
[EventRounds "13"]
[EventCountry "HUN"]
[EventCategory "2"]
[SourceTitle "CBM 100 Extra"]
[Source "ChessBase"]
[SourceDate "2004.07.06"]
[SourceVersion "2"]
[SourceVersionDate "2004.07.06"]
[SourceQuality "1"]

1. d4 Nf6 2. Nf3 g6 3. Bf4 d5 4. Nc3 a6 5. e3 Bg7 6. Be2 0-0 7. 0-0 b6 8. Ne5 Bb7 9. Bf3 Nbd7 10. Ne2 Ne4 11. Nxd7 Qxd7 12. Bxe4 dxe4 13. c4 h6 14. Rc1 g5 15. Bg3 f5 16. c5 b5 17. Qc2 Qc6 18. Rfd1 e6 19. Be5 Rad8 20. Bxg7 Kxg7 21. Rf1 Rf6 22. Nc3 f4 23. Nb1 f3 24. g3 Qd5 25. c6 Qf5 26. Kh1 Ba8 27. Qc5 Rd5 28. Qa7 Qh3 29. Rg1 g4 30. Rc5 Rff5 31. Rxd5 Rxd5 32. Qxc7+ Kf6 33. Nd2 Qxh2+ 0-1

[Event "EU-chT (Men) 14th"]
[Site "Plovdiv"]
[Date "2003.10.20"]
[Round "9.3"]
[White "McMahon, Daire"]
[Black "Papatryfonos, Constantinos"]
[Result "1-0"]
[WhiteElo "2221"]
[BlackElo "2111"]
[PlyCount "77"]
[EventDate "2003.10.10"]
[EventType "team-swiss"]
[EventRounds "9"]
[EventCountry "BUL"]
[SourceTitle "CBM 098"]
[Source "ChessBase"]
[SourceDate "2004.02.03"]
[SourceVersion "1"]
[SourceVersionDate "2004.02.03"]
[SourceQuality "1"]
[WhiteTeam "Ireland"]
[BlackTeam "Cyprus"]
[WhiteTeamCountry "IRL"]
[BlackTeamCountry "CYP"]

1. d4 d6 2. Nf3 f5 3. g3 g6 4. Bg2 Nf6 5. 0-0 Bg7 6. c3 0-0 7. Nbd2 Nc6 8. Re1 e5 9. dxe5 dxe5 10. e4 f4 11. b4 fxg3 12. hxg3 Ng4 13. b5 Ne7 14. a4 h6 15. Qe2 a6 16. Ba3 Rf7 17. Nf1 Be6 18. Bc5 Qe8 19. N3h2 b6 20. Nxg4 bxc5 21. Nge3 Nc8 22. c4 Nd6 23. Nd5 c6 24. bxc6 Qxc6 25. Nfe3 Rb8 26. Qc2 Kh8 27. Reb1 Rfb7 28. a5 Nf7 29. Rb6 Qd7 30. Rab1 Ng5 31. Qb2 Rxb6 32. axb6 Bh3 33. Bh1 Qf7 34. b7 Bd7 35. Qb6 Nh3+ 36. Kh2 Nxf2 37. Qd6 Qe6 38. Qxe6 Bxe6 39. Nc7 1-0

[Event "EU-chT (Men) 14th"]
[Site "Plovdiv"]
[Date "2003.10.19"]
[Round "8.3"]
[White "Papatryfonos, Constantinos"]
[Black "Wagener, Claude"]
[Result "1/2-1/2"]
[WhiteElo "2111"]
[BlackElo "2217"]
[PlyCount "140"]
[EventDate "2003.10.10"]
[EventType "team-swiss"]
[EventRounds "9"]
[EventCountry "BUL"]
[SourceTitle "CBM 098"]
[Source "ChessBase"]
[SourceDate "2004.02.03"]
[SourceVersion "1"]
[SourceVersionDate "2004.02.03"]
[SourceQuality "1"]
[WhiteTeam "Cyprus"]
[BlackTeam "Luxembourg"]
[WhiteTeamCountry "CYP"]
[BlackTeamCountry "LUX"]

1. d4 Nf6 2. Nf3 g6 3. Bf4 Bg7 4. Nc3 d5 5. Qd2 Ne4 6. Nxe4 dxe4 7. Ne5 Be6 8. e3 Nd7 9. Nc4 0-0 10. Be2 Bxc4 11. Bxc4 e5 12. dxe5 Nxe5 13. Bxe5 Bxe5 14. c3 Qe7 15. 0-0-0 Bd6 16. Bd5 Rab8 17. Qc2 Rfe8 18. Rd4 c6 19. Rxe4 Qg5 20. Rxe8+ Rxe8 21. Bf3 h5 22. h3 Bc5 23. Qb3 Bb6 24. Qc4 Rd8 25. Rd1 Rxd1+ 26. Kxd1 Kg7 27. Qd3 Qe7 28. Kd2 Qe6 29. b3 Qe7 30. Kc2 Qa3 31. Kb1 Qe7 32. Kb2 Qe5 33. Qd7 Ba5 34. Qd4 Kf6 35. b4 Bb6 36. Qd7 Qc7 37. Qxc7 Bxc7 38. b5 cxb5 39. Bxb7 Ke5 40. Kb3 Ba5 41. Ba6 h4 42. Bxb5 f5 43. Be2 g5 44. Kc4 f4 45. exf4+ gxf4 46. f3 Bb6 47. a4 Kd6 48. Bd1 Kc6 49. Bb3 Bf2 50. Kd3 Kc5 51. Ke4 Bg3 52. Bf7 Bh2 53. Kd3 Bg1 54. Be8 Bf2 55. Ke4 Bg3 56. Bb5 Kd6 57. Bc4 Kc5 58. Bf1 Kd6 59. a5 Kc5 60. Ke5 Kc6 61. Ke6 Be1 62. g4 hxg3 63. Kf5 Bxc3 64. Kxf4 Bxa5 65. Kxg3 Kd6 66. Kg4 Ke6 67. Kg5 Kf7 68. Bc4+ Kg7 69. Kf5 Bd2 70. f4 Bxf4 1/2-1/2

[Event "Mediterranean-ch 1st"]
[Site "Beirut"]
[Date "2003.10.02"]
[Round "6"]
[White "Papatryfonos, Constantinos"]
[Black "Collas, Didier"]
[Result "0-1"]
[WhiteElo "2112"]
[BlackElo "2437"]
[PlyCount "86"]
[EventDate "2003.09.26"]
[EventType "swiss"]
[EventRounds "9"]
[EventCountry "LBN"]
[SourceTitle "CBM 096 Extra"]
[Source "ChessBase"]
[SourceDate "2003.10.22"]
[SourceVersion "2"]
[SourceVersionDate "2003.10.20"]
[SourceQuality "1"]

1. d4 Nf6 2. Nf3 c5 3. c3 e6 4. Bf4 b6 5. Nbd2 Bb7 6. e3 Be7 7. h3 d6 8. Bd3 Nbd7 9. 0-0 0-0 10. Re1 Re8 11. e4 cxd4 12. cxd4 e5 13. Bh2 exd4 14. Nxd4 a6 15. Bc2 Bf8 16. Nf5 Nc5 17. f3 g6 18. Ne3 d5 19. exd5 Nxd5 20. Nxd5 Qxd5 21. Ne4 Nxe4 22. Qxd5 Bxd5 23. Bxe4 Bc5+ 24. Kh1 Bxe4 25. fxe4 Rad8 26. Re2 f5 27. Bg1 Rxe4 28. Rxe4 fxe4 29. Bxc5 bxc5 30. Re1 Rd4 31. Kg1 Kf7 32. Rc1 e3 33. Re1 Rd3 34. Kf1 Ke6 35. Rc1 Kd5 36. Rc2 c4 37. Ke2 Kd4 38. g4 g5 39. Ke1 a5 40. a4 Kc5 41. Ke2 Rd2+ 42. Rxd2 exd2 43. Kxd2 Kb4 0-1

[Event "Mediterranean-ch 1st"]
[Site "Beirut"]
[Date "2003.09.26"]
[Round "1"]
[White "Abdel Razik, Khaled"]
[Black "Papatryfonos, Constantinos"]
[Result "1-0"]
[WhiteElo "2391"]
[BlackElo "2112"]
[PlyCount "53"]
[EventDate "2003.09.26"]
[EventType "swiss"]
[EventRounds "9"]
[EventCountry "LBN"]
[SourceTitle "CBM 096 Extra"]
[Source "ChessBase"]
[SourceDate "2003.10.22"]
[SourceVersion "2"]
[SourceVersionDate "2003.10.20"]
[SourceQuality "1"]

1. d4 d6 2. c4 e5 3. Nf3 Bg4 4. dxe5 Bxf3 5. gxf3 dxe5 6. Qxd8+ Kxd8 7. Nc3 c6 8. f4 Bd6 9. Ne4 Bb4+ 10. Kd1 Nd7 11. Bh3 Ngf6 12. Ng3 g6 13. Kc2 Ke7 14. Rd1 Rad8 15. Rd3 Bc5 16. f3 h6 17. b4 Bd4 18. Rb1 a6 19. e3 Ba7 20. Bb2 Bb8 21. Rbd1 b5 22. cxb5 axb5 23. a3 Nb6 24. fxe5 Nfd5 25. Bd4 Nc4 26. e4 Nf4 27. Bc5+ 1-0

[Event "Athens Acropolis op"]
[Site "Athens"]
[Date "2003.09.01"]
[Round "8"]
[White "Tzermiadianos, Aggelos"]
[Black "Papatryfonos, Constantinos"]
[Result "1-0"]
[WhiteElo "2201"]
[BlackElo "2112"]
[PlyCount "55"]
[EventDate "2003.08.25"]
[EventType "swiss"]
[EventRounds "9"]
[EventCountry "GRE"]
[SourceTitle "EXT 2004"]
[Source "ChessBase"]
[SourceDate "2003.11.25"]
[SourceVersion "1"]
[SourceVersionDate "2003.11.25"]
[SourceQuality "1"]

1. e4 d6 2. d4 Nf6 3. Nc3 c6 4. f4 Qa5 5. Bd3 e5 6. Nf3 Bg4 7. Be3 Nbd7 8. 0-0 Be7 9. Qe1 Bxf3 10. Rxf3 Ng4 11. Kh1 Nxe3 12. Qxe3 Qb6 13. Ne2 Bf6 14. c3 c5 15. fxe5 dxe5 16. d5 Qxb2 17. Rb1 Qxa2 18. Nc1 Qa3 19. Rxb7 Rb8 20. Rxb8+ Nxb8 21. Bb5+ Ke7 22. Rf2 c4 23. Ra2 Qd6 24. Rxa7+ Kf8 25. Rb7 g6 26. Qa7 Kg7 27. Rxf7+ Kh6 28. Qe3+ 1-0

[Event "Athens Acropolis op"]
[Site "Athens"]
[Date "2003.08.31"]
[Round "7"]
[White "Papatryfonos, Constantinos"]
[Black "Zahilas, Loukas N"]
[Result "1-0"]
[WhiteElo "2112"]
[BlackElo "2200"]
[PlyCount "87"]
[EventDate "2003.08.25"]
[EventType "swiss"]
[EventRounds "9"]
[EventCountry "GRE"]
[SourceTitle "EXT 2004"]
[Source "ChessBase"]
[SourceDate "2003.11.25"]
[SourceVersion "1"]
[SourceVersionDate "2003.11.25"]
[SourceQuality "1"]

1. d4 d5 2. Bf4 Nf6 3. Nf3 c5 4. e3 Qb6 5. Nc3 cxd4 6. Qxd4 Qxd4 7. Nxd4 a6 8. 0-0-0 e6 9. h3 Nbd7 10. Nb3 Bb4 11. f3 0-0 12. Bd3 Nc5 13. Nxc5 Bxc5 14. e4 d4 15. Ne2 Nd7 16. e5 f6 17. exf6 gxf6 18. Bh6 Rd8 19. Bc4 Ne5 20. Bb3 Nf7 21. Bd2 e5 22. f4 e4 23. Be3 dxe3 24. Rxd8+ Kg7 25. Bxf7 Kxf7 26. g4 Be7 27. Rd4 Be6 28. Rhd1 f5 29. gxf5 Bxf5 30. Ng3 Bxh3 31. Rxe4 Bc5 32. Ne2 Bg4 33. Re1 h5 34. Nd4 Rd8 35. c3 Bxd4 36. Rxd4 Rxd4 37. cxd4 e2 38. Kd2 Kf6 39. Rxe2 Bxe2 40. Kxe2 Kf5 41. d5 b5 42. b4 Kf6 43. Kf3 Kf5 44. Kg3 1-0

[Event "Athens Acropolis op"]
[Site "Athens"]
[Date "2003.08.30"]
[Round "6"]
[White "Papatryfonos, Constantinos"]
[Black "Markidis, Konstantinos"]
[Result "0-1"]
[WhiteElo "2112"]
[BlackElo "2358"]
[PlyCount "74"]
[EventDate "2003.08.25"]
[EventType "swiss"]
[EventRounds "9"]
[EventCountry "GRE"]
[SourceTitle "EXT 2004"]
[Source "ChessBase"]
[SourceDate "2003.11.25"]
[SourceVersion "1"]
[SourceVersionDate "2003.11.25"]
[SourceQuality "1"]

1. d4 Nf6 2. Nf3 g6 3. Bf4 Bg7 4. Nc3 d5 5. Qd2 Bf5 6. 0-0-0 h6 7. h4 c6 8. Ne5 Nbd7 9. f3 h5 10. e3 Nxe5 11. Bxe5 Qd7 12. Na4 b6 13. Nc3 Kf8 14. Bd3 Rd8 15. Bxf5 Qxf5 16. Qd3 Qxd3 17. cxd3 Ne8 18. Bxg7+ Kxg7 19. b4 Nd6 20. Kd2 Rhe8 21. Rc1 Ra8 22. b5 Nxb5 23. Nxb5 cxb5 24. Rc7 a5 25. Rhc1 Rab8 26. Rd7 Rec8 27. Rxe7 Rxc1 28. Kxc1 Rc8+ 29. Kb2 Rd8 30. a3 Kf8 31. Re5 Rd6 32. e4 f6 33. Rxd5 Rxd5 34. exd5 Ke7 35. Kc3 Kd6 36. g4 Kxd5 37. f4 f5 0-1

[Event "Athens Acropolis op"]
[Site "Athens"]
[Date "2003.08.29"]
[Round "5"]
[White "Efstathiou, Damianos"]
[Black "Papatryfonos, Constantinos"]
[Result "0-1"]
[WhiteElo "2175"]
[BlackElo "2112"]
[PlyCount "102"]
[EventDate "2003.08.25"]
[EventType "swiss"]
[EventRounds "9"]
[EventCountry "GRE"]
[SourceTitle "EXT 2004"]
[Source "ChessBase"]
[SourceDate "2003.11.25"]
[SourceVersion "1"]
[SourceVersionDate "2003.11.25"]
[SourceQuality "1"]

1. e4 d6 2. d4 Nf6 3. Nc3 c6 4. f4 Qa5 5. Bd3 e5 6. Nf3 Bg4 7. Be3 Nbd7 8. 0-0 Be7 9. h3 Bxf3 10. Qxf3 0-0 11. Ne2 Qc7 12. c3 b5 13. Ng3 g6 14. fxe5 dxe5 15. Bh6 Rfd8 16. Rad1 Bf8 17. Bg5 Bg7 18. Qe3 h6 19. Bxh6 exd4 20. Qf4 Qxf4 21. Bxf4 dxc3 22. bxc3 Re8 23. Bc2 Nc5 24. Rfe1 Nfd7 25. Ne2 Ne5 26. Nd4 Rac8 27. Bg3 a6 28. Re2 Nc4 29. Bf2 Ne6 30. Nxe6 Rxe6 31. Bd4 Ne5 32. Bb3 Ree8 33. Rf1 Rc7 34. Ref2 Nc4 35. Bxc4 bxc4 36. Bxg7 Kxg7 37. Rf4 Re5 38. Rd1 Ra5 39. e5 Rxa2 40. Rxc4 Rb7 41. Rdd4 Rbb2 42. Rg4 a5 43. Rxc6 a4 44. e6 fxe6 45. Rxe6 Kf7 46. Rexg6 Rc2 47. Ra6 a3 48. c4 Ra1+ 49. Kh2 a2 50. h4 Rf1 51. Rag6 a1Q 0-1

[Event "Olympiad-35"]
[Site "Bled"]
[Date "2002.11.05"]
[Round "10.4"]
[White "Odeev, Handszar"]
[Black "Papatryfonos, Constantinos"]
[Result "1-0"]
[WhiteElo "2461"]
[BlackElo "2040"]
[PlyCount "147"]
[EventDate "2002.10.26"]
[EventType "team-swiss"]
[EventRounds "14"]
[EventCountry "SLO"]
[SourceTitle "EXT 2003"]
[Source "ChessBase"]
[SourceDate "2002.11.25"]
[SourceVersion "1"]
[SourceVersionDate "2002.11.25"]
[SourceQuality "1"]
[WhiteTeam "Turkmenistan"]
[BlackTeam "Cyprus"]
[WhiteTeamCountry "TKM"]
[BlackTeamCountry "CYP"]

1. e4 d6 2. d4 Nf6 3. Nc3 c6 4. Nf3 Qa5 5. Bd3 e5 6. h3 Be7 7. 0-0 Nbd7 8. Re1 0-0 9. Be3 Qc7 10. Qd2 Re8 11. Ne2 Bf8 12. Ng3 exd4 13. Bxd4 Ne5 14. Be2 Nxf3+ 15. Bxf3 Nd7 16. Rad1 Ne5 17. Be2 Ng6 18. Bf1 Bd7 19. Nh5 Rad8 20. Qc3 f6 21. Bxf6 gxf6 22. Nxf6+ Kf7 23. Bc4+ Be6 24. Nxh7 Qe7 25. Bxe6+ Kxe6 26. Qb3+ Kd7 27. Qxb7+ Ke6 28. Qb3+ Kd7 29. Qb7+ Ke6 30. Nxf8+ Rxf8 31. Qxc6 Ne5 32. Qd5+ Kd7 33. Qb7+ Ke8 34. Qxe7+ Kxe7 35. b3 Rc8 36. c4 Rf4 37. Rd5 Rg8 38. Kf1 Rgf8 39. Re2 Nd7 40. Ra5 Ra8 41. g3 Rf3 42. Kg2 Rd3 43. Rd5 Rc3 44. Red2 Nf6 45. Ra5 Nd7 46. Rad5 Nf6 47. Rxd6 Nxe4 48. R6d3 a5 49. Rxc3 Nxd2 50. Rd3 Nb1 51. f4 a4 52. Kf3 Na3 53. g4 Nc2 54. Rd2 Nb4 55. a3 Nc6 56. b4 Rd8 57. Ke3 Rh8 58. Rh2 Rd8 59. h4 Rd1 60. h5 Kf7 61. h6 Kg8 62. g5 Ne7 63. Ke4 Re1+ 64. Kd4 Rf1 65. Ke5 Ng6+ 66. Kf6 Nxf4 67. g6 Rg1 68. g7 Kh7 69. Kf7 Rg5 70. c5 Nd3 71. Re2 Rf5+ 72. Ke7 Nxc5 73. Rg2 Kg8 74. h7+ 1-0

[Event "Olympiad-35"]
[Site "Bled"]
[Date "2002.10.26"]
[Round "1.4"]
[White "Papatryfonos, Constantinos"]
[Black "Hillarp Persson, Tiger"]
[Result "0-1"]
[WhiteElo "2040"]
[BlackElo "2493"]
[PlyCount "70"]
[EventDate "2002.10.26"]
[EventType "team-swiss"]
[EventRounds "14"]
[EventCountry "SLO"]
[SourceTitle "EXT 2003"]
[Source "ChessBase"]
[SourceDate "2002.11.25"]
[SourceVersion "1"]
[SourceVersionDate "2002.11.25"]
[SourceQuality "1"]
[WhiteTeam "Cyprus"]
[BlackTeam "Sweden"]
[WhiteTeamCountry "CYP"]
[BlackTeamCountry "SWE"]

1. d4 g6 2. Nf3 Bg7 3. e4 d6 4. h3 Nf6 5. Nc3 a6 6. a3 b5 7. Bf4 Bb7 8. e5 Nd5 9. Bh2 Nd7 10. Nxd5 Bxd5 11. a4 0-0 12. Be2 dxe5 13. dxe5 e6 14. 0-0 c6 15. axb5 axb5 16. Rxa8 Qxa8 17. Re1 Qb7 18. b3 b4 19. Qd4 Ra8 20. Ra1 c5 21. Rxa8+ Qxa8 22. Qd1 Qa7 23. Bb5 Qb7 24. Qe2 Bxf3 25. gxf3 Bxe5 26. Bxe5 Nxe5 27. Qxe5 Qxb5 28. h4 Qc6 29. Qf6 Qd5 30. Kg2 h5 31. Qf4 Kg7 32. Qe3 Qd4 33. Qxd4+ cxd4 34. f4 Kf6 35. Kf3 Kf5 0-1